| 000 | 00688cam a22002293a 4500 | ||
|---|---|---|---|
| 001 | 24100 | ||
| 003 | PGUSA | ||
| 005 | 20140828083521.0 | ||
| 008 | 080101s2008||||xxu|||||s|||||000 p eng d | ||
| 040 |
_aPGUSA _beng |
||
| 042 | _adc | ||
| 050 | 4 | _aPT | |
| 100 | 1 |
_aNervander, Johan Jacob, _d1805-1848 |
|
| 245 | 1 | 0 |
_aJephthas bok : _bEn Minnes-Sång i Israël _h[electronic resource] / _cJohan Jacob Nervander |
| 260 |
_bProject Gutenberg, _c2008 |
||
| 506 | _aPublic domain in the USA. | ||
| 516 | _aElectronic text | ||
| 653 | _aBible -- History of Biblical events -- Poetry | ||
| 830 | 0 |
_aProject Gutenberg _v24100 |
|
| 856 | 4 | 0 | _uhttp://www.gutenberg.org/ebooks/24100 |
| 942 | _cEB | ||
| 999 |
_c253355 _d253355 |
||